El consejo de estado contra el país : (Registro nro. 6338)
[ vista simple ]
| 000 -LEADER | |
|---|---|
| fixed length control field | 00809nam a2200229Ia 4500 |
| 003 - CONTROL NUMBER IDENTIFIER | |
| control field | OSt |
| 005 - DATE AND TIME OF LATEST TRANSACTION | |
| control field | 20200824181102.0 |
| 008 - FIXED-LENGTH DATA ELEMENTS--GENERAL INFORMATION | |
| fixed length control field | 191128s2014 ck fr 000 0 spa d |
| 040 ## - CATALOGING SOURCE | |
| Original cataloging agency | CO-JMCR |
| Transcribing agency | CO-JMCR |
| 041 0# - LANGUAGE CODE | |
| Language code of text/sound track or separate title | spa |
| 082 04 - DEWEY DECIMAL CLASSIFICATION NUMBER | |
| Classification number | 348.986 / |
| Item number | P438c |
| Edition number | 23 |
| 100 1# - MAIN ENTRY--PERSONAL NAME | |
| Personal name | Pérez Huertas, Freddy Rolando, |
| Relator term | autor |
| 9 (RLIN) | 8680 |
| 245 13 - TITLE STATEMENT | |
| Title | El consejo de estado contra el país : |
| Remainder of title | Cajanal, víctima del prevaricato más largo de la historia / |
| Statement of responsibility, etc. | Freddy Rolando Pérez Huertas |
| 260 ## - PUBLICATION, DISTRIBUTION, ETC. | |
| Place of publication, distribution, etc. | [Bogotá : |
| Name of publisher, distributor, etc. | s.n., |
| Date of publication, distribution, etc. | 2014?] |
| 300 ## - PHYSICAL DESCRIPTION | |
| Extent | 180 páginas ; |
| Dimensions | 20 cm. |
| 490 0# - SERIES STATEMENT | |
| Series statement | El carrusel de las pensiones |
| 650 14 - SUBJECT ADDED ENTRY--TOPICAL TERM | |
| Topical term or geographic name entry element | Derecho laboral |
| Geographic subdivision | Colombia |
| 9 (RLIN) | 8055 |
| 650 14 - SUBJECT ADDED ENTRY--TOPICAL TERM | |
| Topical term or geographic name entry element | Legislación laboral |
| Geographic subdivision | Colombia |
| 9 (RLIN) | 8768 |
| 650 14 - SUBJECT ADDED ENTRY--TOPICAL TERM | |
| Topical term or geographic name entry element | Pensiones |
| Geographic subdivision | Colombia |
| 9 (RLIN) | 8670 |
| 650 14 - SUBJECT ADDED ENTRY--TOPICAL TERM | |
| Topical term or geographic name entry element | Pensiones a la vejez |
| Geographic subdivision | Colombia |
| 9 (RLIN) | 9154 |
| 942 ## - ADDED ENTRY ELEMENTS (KOHA) | |
| Source of classification or shelving scheme | Dewey Decimal Classification |
| Koha item type | Books |
| Withdrawn status | Lost status | Source of classification or shelving scheme | Damaged status | Not for loan | Home library | Current library | Date acquired | Source of acquisition | Total Checkouts | Full call number | Barcode | Date last seen | Date last checked out | Copy number | Koha item type |
|---|---|---|---|---|---|---|---|---|---|---|---|---|---|---|---|
| Dewey Decimal Classification | Biblioteca Pública José María del Castillo y Rada | Biblioteca Pública José María del Castillo y Rada | 12/01/2018 | Donación | 2 | 348.986 / P438c | 430012472 | 05/16/2024 | 05/10/2024 | Ej.1 | Books |